000 00535nam a22001697a 4500
005 20251108172326.0
008 250721s2001 xx 000 0 ara d
082 1 4 _a005.43/خطو
245 1 0 _aخطوة خطوة :
_bMICROSOFT Word 2002 برنامج من مجموعة Microsoft Office XP /
264 1 _aبيروت :
_bدار العربية للعلوم،
_c2001.
300 _a328 ص
650 1 7 _aالحواسيب
650 1 7 _aبرامج الحواسيب
710 2 _aPerspection,Inc.,
942 _2ddc
_cBK
999 _c76260
_d76260